Manual sobre la contaminación ocasionada por hidrocarburos
Guardat en:
| Autor corporatiu: | |
|---|---|
| Format: | Llibre |
| Idioma: | espanyol |
| Publicat: |
Londres
OMI
1991
|
| Matèries: | |
| Etiquetes: |
Afegir etiqueta
Sense etiquetes, Sigues el primer a etiquetar aquest registre!
|
MARC
| LEADER | 00000nam a2200000 a 4500 | ||
|---|---|---|---|
| 001 | UCP7136 | ||
| 003 | CL-VaPUC | ||
| 008 | 991203e19910000UK |||||||||||||||||spa|d | ||
| 082 | 0 | 4 | |a 344.046 |b ORG |2 21 |
| 110 | 2 | |a Organización Maritima Internacional |e author |9 436540 | |
| 245 | 1 | 0 | |a Manual sobre la contaminación ocasionada por hidrocarburos |
| 300 | |a v | ||
| 942 | |c BK | ||
| 945 | |d 19991203 00:00:00 |a rbrito | ||
| 260 | |a Londres |b OMI |c 1991 | ||
| 500 | |a v.4: Lucha contra los derrames de hidrocarburos | ||
| 650 | 0 | |a Derecho marítimo |9 255301 | |
| 650 | 0 | |a Contaminación del mar |9 339619 | |
| 650 | 7 | |a HIDROCARBUROS |2 CL-VaPUC |9 344783 | |
| 650 | 7 | |a PETROLEO |2 CL-VaPUC |9 320865 | |
| 650 | 0 | |a Medio ambiente |9 257625 | |
| 650 | 0 | |a Ecología |9 258124 | |
| 650 | 7 | |a ECOSISTEMA |2 CL-VaPUC |9 347937 | |
| 583 | |a last modification |c 19991203 00:00:00 |k Rodrigo Vera | ||
| 999 | |c 284454 |d 284452 | ||
| 952 | |0 0 |1 0 |4 0 |6 344_046000000000000_ORG_1991 |7 0 |8 A |9 328511 |a BIBING |b BIBING |d 2019-11-20 |h v.4 |i 3584011 |o 344.046 ORG 1991 |p 3584011 |r 2025-01-20 |w 2019-11-20 |y BK |k TRA | ||